Know your own ship : A Simple explanation of the stability, trim, construction, tonnage and free board of ships together with a fully worked out set of the usual ship calculations (Record no. 1015)

000 -LEADER
fixed length control field 00559nam a22001577a 4500
008 - FIXED-LENGTH DATA ELEMENTS--GENERAL INFORMATION
fixed length control field 200106b ||||| |||| 00| 0 eng d
082 00 - DEWEY DECIMAL CLASSIFICATION NUMBER
Classification number 623.8109041
Item number W238
100 ## - MAIN ENTRY--PERSONAL NAME
9 (RLIN) 254
Personal name Walton, Thomas
245 10 - TITLE STATEMENT
Title Know your own ship : A Simple explanation of the stability, trim, construction, tonnage and free board of ships together with a fully worked out set of the usual ship calculations
250 ## - EDITION STATEMENT
Edition statement 26th
260 ## - PUBLICATION, DISTRIBUTION, ETC. (IMPRINT)
Place of publication, distribution, etc London
Name of publisher, distributor, etc Charles Griffin
Date of publication, distribution, etc 1951
300 ## - PHYSICAL DESCRIPTION
Extent xiv,446p.
365 ## - TRADE PRICE
Unit of pricing 12.12
650 #0 - SUBJECT ADDED ENTRY--TOPICAL TERM
Topical term or geographic name as entry element Naval Architecture
942 ## - ADDED ENTRY ELEMENTS (KOHA)
Item type Books
Holdings
Withdrawn status Lost status Source of classification or shelving scheme Damaged status Not for loan Permanent location Current location Date acquired Source of acquisition Full call number Barcode Date last seen Koha item type
          IMU Kolkata IMU Kolkata 1952-10-30 Progressive 623.8109041 W238 00698 2020-01-06 Books
          IMU Kolkata IMU Kolkata 1952-10-30 Progressive 623.8109041 W238 00699 2020-01-06 Books
Designed and Maintained by IMU-KC Library, Kolkata Campus © Copyright All Rights Reserved

webs counters

Powered by Koha